[Event "CZE-chT2E 2122"]
[Site "Czech Republic"]
[Date "2021.12.19"]
[Round "5.4"]
[White "Pakosta, Miroslav"]
[Black "Skoda, Martin"]
[Result "0-1"]
[WhiteElo "2124"]
[BlackElo "2113"]
[PlyCount "90"]
[EventDate "2021.10.17"]
[EventType "team-tourn"]
[EventRounds "11"]
[EventCountry "CZE"]
[SourceTitle "EXT 2024"]
[Source "ChessBase"]
[SourceDate "2023.10.10"]
[SourceVersion "1"]
[SourceVersionDate "2023.10.10"]
[SourceQuality "1"]
[WhiteTeam "Jundrov Jezdci II"]
[BlackTeam "Jihlava Gambit"]
[WhiteTeamCountry "CZE"]
[BlackTeamCountry "CZE"]

1. e4 c5 2. c3 d5 3. exd5 Qxd5 4. d4 e5 5. Nf3 Nc6 6. dxe5 Qxd1+ 7. Kxd1 Bg4 8. Be2 0-0-0+ 9. Nbd2 Bxf3 10. Bxf3 Nxe5 11. Kc2 Nf6 12. Re1 Bd6 13. h3 Rhe8 14. Be4 Kc7 15. Rd1 Bf8 16. f3 Ng6 17. Bxg6 hxg6 18. Rg1 Bd6 19. g4 Re2 20. g5 Bh2 21. Rh1 Nd5 22. Kb3 b5 23. a4 c4+ 24. Ka2 Be5 25. Ne4 Bxc3 26. axb5 Bd4 27. Kb1 Kb6 28. Rd1 Nb4 29. Bd2 Kxb5 30. Bxb4 Kxb4 31. Nc3 Rh2 32. Rxa7 Bxa7 33. Rxd8 Kb3 34. Nd1 Bc5 35. Rd7 Bb4 36. Rd5 Rxh3 37. Rb5 Rxf3 38. Kc1 Rf5 39. Rb7 f6 40. Rxg7 Rxg5 41. Rb7 Rg1 42. Rh7 Rg3 43. Rh1 f5 44. Rf1 Bc5 45. Nc3 Rg1 0-1

[Event "CZE-chT2E 1920"]
[Site "Czech Republic"]
[Date "2020.01.12"]
[Round "6.5"]
[White "Pise, Jan"]
[Black "Pakosta, Miroslav"]
[Result "0-1"]
[WhiteElo "2030"]
[BlackElo "2135"]
[PlyCount "116"]
[EventDate "2019.10.13"]
[EventType "team-tourn"]
[EventRounds "11"]
[EventCountry "CZE"]
[SourceTitle "EXT 2024"]
[Source "ChessBase"]
[SourceDate "2023.10.10"]
[SourceVersion "1"]
[SourceVersionDate "2023.10.10"]
[SourceQuality "1"]
[WhiteTeam "Adamov"]
[BlackTeam "Jundrov Jezdci"]
[WhiteTeamCountry "CZE"]
[BlackTeamCountry "CZE"]

1. d4 c5 2. e3 Nf6 3. c3 e6 4. Bd3 Nc6 5. Nd2 d5 6. f4 Bd6 7. g3 Rb8 8. Qe2 a6 9. Ngf3 g6 10. 0-0 Qb6 11. Ne5 Nd7 12. Kh1 f5 13. Nxd7 Bxd7 14. Nf3 Ne7 15. Rg1 Ng8 16. Rb1 Nf6 17. Ne5 Bb5 18. Bd2 Bxe5 19. fxe5 Bxd3 20. Qxd3 Ne4 21. Be1 c4 22. Qd1 Qa5 23. Rg2 b5 24. a3 h5 25. Ra1 Qa4 26. Qe2 Kd7 27. Kg1 a5 28. Rc1 Rbg8 29. Rb1 g5 30. h3 Qb3 31. Ra1 g4 32. h4 Ra8 33. Rc1 Rab8 34. Ra1 Rhc8 35. Qf1 b4 36. axb4 axb4 37. Ra7+ Rc7 38. Rxc7+ Kxc7 39. cxb4 Qxe3+ 40. Kh2 Qxd4 41. Qf4 Rh8 42. Qc1 Qxe5 43. Qa1 Qd4 44. b5 Rb8 45. Qa6 Qc5 46. Ba5+ Kd7 47. b6 Qc6 48. Qa7+ Qb7 49. Rg1 Kc6 50. Bc3 Nxc3 51. bxc3 Qxa7 52. bxa7 Ra8 53. Re1 Kd6 54. Ra1 Ke5 55. Kg2 d4 56. Re1+ Kd5 57. cxd4 Rxa7 58. Re5+ Kxd4 0-1

[Event "CZE-chT1E 1819"]
[Site "Czech Republic"]
[Date "2019.04.07"]
[Round "11.5"]
[White "Mrva, Marek"]
[Black "Pakosta, Miroslav"]
[Result "1-0"]
[WhiteElo "2148"]
[BlackElo "2187"]
[PlyCount "65"]
[EventDate "2018.10.21"]
[EventType "team-tourn"]
[EventRounds "11"]
[EventCountry "CZE"]
[SourceTitle "EXT 2020"]
[Source "ChessBase"]
[SourceDate "2019.10.17"]
[SourceVersion "1"]
[SourceVersionDate "2019.10.17"]
[SourceQuality "1"]
[WhiteTeam "Ostrava"]
[BlackTeam "Jundrov Jezdci"]
[WhiteTeamCountry "CZE"]
[BlackTeamCountry "CZE"]

1. e4 Nf6 2. e5 Nd5 3. Nc3 Nxc3 4. bxc3 d6 5. f4 g6 6. Nf3 Bg7 7. d4 0-0 8. Bd3 c5 9. 0-0 Bg4 10. Be3 Nc6 11. Qe1 Bxf3 12. Rxf3 dxe5 13. dxe5 b6 14. Rh3 e6 15. Bf2 Qe7 16. Bh4 f6 17. Qe4 Rac8 18. Bc4 Nd8 19. Re1 b5 20. Bxb5 c4 21. Kh1 Rc5 22. Bxc4 Qc7 23. Bxe6+ Nxe6 24. exf6 Nxf4 25. fxg7 Qxg7 26. Rf3 g5 27. Bxg5 Rxg5 28. Rxf4 Rxf4 29. Qxf4 h6 30. Re8+ Kh7 31. Qe4+ Qg6 32. Qb7+ Qg7 33. Re7 1-0

[Event "Gibraltar Masters 17th"]
[Site "Caleta"]
[Date "2019.01.31"]
[Round "10"]
[White "Hng, Mei En Emmanuelle"]
[Black "Pakosta, Miroslav"]
[Result "1-0"]
[WhiteElo "2071"]
[BlackElo "2166"]
[PlyCount "63"]
[EventDate "2019.01.22"]
[EventType "swiss"]
[EventRounds "10"]
[EventCountry "GGB"]
[SourceTitle "CBM 188 Extra"]
[Source "ChessBase"]
[SourceDate "2019.02.26"]
[SourceVersion "1"]
[SourceVersionDate "2019.02.26"]
[SourceQuality "1"]

1. e4 d6 2. d4 Nf6 3. Nc3 g6 4. Be2 Bg7 5. h3 0-0 6. Nf3 d5 7. exd5 Nxd5 8. Nxd5 Qxd5 9. c4 Qd6 10. 0-0 Nc6 11. Be3 Rd8 12. Qb3 e6 13. Rad1 Qb4 14. Qc2 Qe7 15. a3 a5 16. Rfe1 Qf8 17. Bf1 b6 18. Bf4 Ra7 19. d5 Ne7 20. Nd4 Bxd4 21. Rxd4 c5 22. Rd2 exd5 23. cxd5 Rxd5 24. Qb3 Rxd2 25. Bxd2 Qd8 26. Bg5 Be6 27. Rxe6 fxe6 28. Qxe6+ Kf8 29. Bb5 Qd1+ 30. Kh2 Ng8 31. Bc4 Rg7 32. Qc8+ 1-0

[Event "Gibraltar Masters 17th"]
[Site "Caleta"]
[Date "2019.01.30"]
[Round "9"]
[White "Pakosta, Miroslav"]
[Black "Lochte, Szilvia"]
[Result "0-1"]
[WhiteElo "2166"]
[BlackElo "1868"]
[PlyCount "100"]
[EventDate "2019.01.22"]
[EventType "swiss"]
[EventRounds "10"]
[EventCountry "GGB"]
[SourceTitle "CBM 188 Extra"]
[Source "ChessBase"]
[SourceDate "2019.02.26"]
[SourceVersion "1"]
[SourceVersionDate "2019.02.26"]
[SourceQuality "1"]

1. e4 c5 2. Nf3 e6 3. c3 d5 4. e5 Nc6 5. d4 Qb6 6. a3 Nge7 7. Bd3 Bd7 8. Bc2 Ng6 9. h4 Nge7 10. dxc5 Qxc5 11. Nbd2 Ng6 12. Nb3 Qc4 13. Nfd4 Ngxe5 14. Bf4 Be7 15. Bxe5 Nxe5 16. f4 Ng6 17. g3 Bd6 18. h5 Ne7 19. Bd3 Qa4 20. Qc2 h6 21. Kd2 0-0-0 22. Rhe1 Kb8 23. Rac1 Nc8 24. Rcd1 Nb6 25. Kc1 Nc4 26. Qe2 Rc8 27. Bxc4 Rxc4 28. Kb1 Rhc8 29. Ka2 Be8 30. Rd3 Qd7 31. Nc2 Re4 32. Qd2 Rxe1 33. Qxe1 Qe7 34. Ncd4 Ba4 35. f5 e5 36. Nc2 Qc7 37. Ne3 Qb6 38. Nd2 d4 39. cxd4 exd4 40. Nec4 Qc5 41. Qe4 Bc2 42. Nxd6 Qxd6 43. Qxd4 Qxd4 44. Rxd4 Bxf5 45. Nf3 Be6+ 46. Kb1 Rc4 47. Rxc4 Bxc4 48. Nd4 Kc7 49. Kc2 g6 50. hxg6 fxg6 0-1

[Event "Gibraltar Masters 17th"]
[Site "Caleta"]
[Date "2019.01.29"]
[Round "8"]
[White "Chinguun, Sumiya"]
[Black "Pakosta, Miroslav"]
[Result "1-0"]
[WhiteElo "2286"]
[BlackElo "2166"]
[PlyCount "55"]
[EventDate "2019.01.22"]
[EventType "swiss"]
[EventRounds "10"]
[EventCountry "GGB"]
[SourceTitle "CBM 188 Extra"]
[Source "ChessBase"]
[SourceDate "2019.02.26"]
[SourceVersion "1"]
[SourceVersionDate "2019.02.26"]
[SourceQuality "1"]

1. e4 d6 2. d4 Nf6 3. Nc3 g6 4. Be3 Bg7 5. Qd2 Ng4 6. Bg5 h6 7. Bh4 g5 8. Bg3 e5 9. Nf3 exd4 10. Nxd4 Nc6 11. Nf3 Be6 12. h4 Nge5 13. hxg5 Nxf3+ 14. gxf3 hxg5 15. Rxh8+ Bxh8 16. 0-0-0 a6 17. Nd5 Ne5 18. f4 gxf4 19. Bh4 Qd7 20. Qxf4 Ng6 21. Qh6 Bxd5 22. exd5 Qg4 23. Re1+ Kd7 24. Qe3 Bd4 25. Qxd4 Qxh4 26. Re4 Qh1 27. Re1 Re8 28. Bb5+ 1-0

[Event "Gibraltar Masters 17th"]
[Site "Caleta"]
[Date "2019.01.26"]
[Round "5"]
[White "Pakosta, Miroslav"]
[Black "Avila Fraire, Ameyalli"]
[Result "1-0"]
[WhiteElo "2166"]
[BlackElo "1994"]
[PlyCount "47"]
[EventDate "2019.01.22"]
[EventType "swiss"]
[EventRounds "10"]
[EventCountry "GGB"]
[SourceTitle "CBM 188 Extra"]
[Source "ChessBase"]
[SourceDate "2019.02.26"]
[SourceVersion "1"]
[SourceVersionDate "2019.02.26"]
[SourceQuality "1"]

1. e4 c5 2. c3 Nf6 3. e5 Nd5 4. d4 cxd4 5. Nf3 d6 6. cxd4 Nc6 7. Bc4 dxe5 8. Nxe5 e6 9. 0-0 Bd6 10. Re1 0-0 11. Nxc6 bxc6 12. Nd2 Bb7 13. Ne4 Nb6 14. Bd3 Qc7 15. Nf6+ gxf6 16. Bxh7+ Kxh7 17. Qh5+ Kg8 18. Qg4+ Kh7 19. Re3 Bxh2+ 20. Kh1 Bg3 21. Rxg3 Qxg3 22. Qh5+ Kg7 23. Bh6+ Kg8 24. fxg3 1-0

[Event "Gibraltar Masters 17th"]
[Site "Caleta"]
[Date "2019.01.23"]
[Round "2"]
[White "Belenkaya, Dina"]
[Black "Pakosta, Miroslav"]
[Result "1-0"]
[WhiteElo "2357"]
[BlackElo "2166"]
[PlyCount "91"]
[EventDate "2019.01.22"]
[EventType "swiss"]
[EventRounds "10"]
[EventCountry "GGB"]
[SourceTitle "CBM 188 Extra"]
[Source "ChessBase"]
[SourceDate "2019.02.26"]
[SourceVersion "1"]
[SourceVersionDate "2019.02.26"]
[SourceQuality "1"]

1. e4 d6 2. d4 Nf6 3. Nc3 g6 4. Nf3 Bg7 5. Be2 0-0 6. 0-0 c5 7. d5 a6 8. a4 Bg4 9. h3 Bxf3 10. Bxf3 Nbd7 11. Be2 Qc7 12. a5 b5 13. axb6 Qxb6 14. Ra4 Ne8 15. Qd3 Nc7 16. Nd1 Qb5 17. b3 Qxd3 18. Bxd3 Rfb8 19. Bd2 e6 20. dxe6 fxe6 21. Ne3 d5 22. Ba5 Nb6 23. Ra2 Bd4 24. Rd1 Bxe3 25. fxe3 Ne8 26. exd5 exd5 27. Be2 c4 28. b4 Nf6 29. c3 Ra7 30. Bf3 Re7 31. Re2 Na4 32. Rc1 Rbb7 33. Bd8 Kf7 34. Bxe7 Rxe7 35. Ra2 Nb6 36. Rxa6 Nbd7 37. b5 Nc5 38. Rc6 Nb3 39. Rd1 Na5 40. Ra6 Nb7 41. Bxd5+ Nxd5 42. Rxd5 Rc7 43. Ra7 Ke6 44. e4 Rf7 45. b6 h6 46. Rd4 1-0

[Event "Gibraltar Masters 17th"]
[Site "Caleta"]
[Date "2019.01.22"]
[Round "1"]
[White "Pakosta, Miroslav"]
[Black "Repka, Christopher"]
[Result "0-1"]
[WhiteElo "2166"]
[BlackElo "2491"]
[PlyCount "78"]
[EventDate "2019.01.22"]
[EventType "swiss"]
[EventRounds "10"]
[EventCountry "GGB"]
[SourceTitle "CBM 188 Extra"]
[Source "ChessBase"]
[SourceDate "2019.02.26"]
[SourceVersion "1"]
[SourceVersionDate "2019.02.26"]
[SourceQuality "1"]

1. e4 e5 2. Nf3 Nc6 3. d4 exd4 4. Bc4 Nf6 5. 0-0 Nxe4 6. Re1 d5 7. Nc3 dxc3 8. Bxd5 Be7 9. Bxe4 Qxd1 10. Rxd1 cxb2 11. Bxb2 0-0 12. Bxc6 bxc6 13. Nd4 Bf6 14. Ba3 Re8 15. Rab1 Bd7 16. Bc5 Re5 17. Nb3 Bf5 18. Bd4 Bxc2 19. Bxe5 Bxe5 20. Na5 Bxd1 21. Nxc6 Bc2 22. Rc1 Bxh2+ 23. Kxh2 Be4 24. Ne5 f6 25. Nd7 c6 26. Rc3 Bd5 27. Ra3 Re8 28. Rxa7 Re2 29. Kg3 Rxa2 30. Rc7 Rb2 31. f3 h5 32. Rc8+ Kf7 33. Rh8 Rb5 34. Nb8 c5 35. Rc8 Kg6 36. Rd8 c4 37. Na6 c3 38. Nc7 c2 39. Nxd5 c1Q 0-1

[Event "CZE-chT1E 1819"]
[Site "Czech Republic"]
[Date "2019.01.06"]
[Round "5.3"]
[White "Ludvik, Tomas"]
[Black "Pakosta, Miroslav"]
[Result "0-1"]
[WhiteElo "2158"]
[BlackElo "2187"]
[PlyCount "102"]
[EventDate "2018.10.21"]
[EventType "team-tourn"]
[EventRounds "11"]
[EventCountry "CZE"]
[SourceTitle "CBM 188 Extra"]
[Source "ChessBase"]
[SourceDate "2019.02.26"]
[SourceVersion "1"]
[SourceVersionDate "2019.02.26"]
[SourceQuality "1"]
[WhiteTeam "Polabiny III"]
[BlackTeam "Jundrov Jezdci"]
[WhiteTeamCountry "CZE"]
[BlackTeamCountry "CZE"]

1. d4 c5 2. d5 f5 3. Nc3 Nf6 4. Bg5 Qb6 5. Rb1 h6 6. Bxf6 Qxf6 7. e3 d6 8. Nge2 Na6 9. Nf4 Nc7 10. Be2 g5 11. Nh5 Qe5 12. Qd2 Rg8 13. h4 Bd7 14. a4 a6 15. a5 e6 16. hxg5 hxg5 17. f4 gxf4 18. exf4 Qh8 19. dxe6 Bxe6 20. Bf3 0-0-0 21. Kf2 d5 22. Rbe1 Qh6 23. Na4 Bf7 24. Re5 Qg6 25. Rh3 Bd6 26. Rg3 Qh7 27. Nb6+ Kb8 28. Rxg8 Bxg8 29. Re1 Bf7 30. Rh1 Qh6 31. g3 c4 32. Kg2 Be7 33. Qd4 Qd6 34. Qg7 Bxh5 35. Rxh5 Bf6 36. Qh7 Bxb2 37. Qxf5 Qb4 38. Nxd5 Qd2+ 39. Kh3 Nb5 40. Be4 Qxa5 41. Rh7 Nd6 42. Qe6 Nxe4 43. Ne3 Nd6 44. f5 Bd4 45. Rd7 Rxd7 46. Qxd7 Qc5 47. Qd8+ Ka7 48. f6 Bxe3 49. Qe7 Qh5+ 50. Kg2 Qe2+ 51. Kh3 Qf1+ 0-1

[Event "CZE-chT2E 1718"]
[Site "Czech Republic"]
[Date "2018.03.18"]
[Round "10.4"]
[White "Pakosta, Miroslav"]
[Black "Kapusta, Petr"]
[Result "1-0"]
[WhiteElo "2168"]
[BlackElo "2115"]
[PlyCount "117"]
[EventDate "2017.10.15"]
[EventType "team-tourn"]
[EventRounds "11"]
[EventCountry "CZE"]
[SourceTitle "EXT 2022"]
[Source "ChessBase"]
[SourceDate "2021.10.06"]
[SourceVersion "1"]
[SourceVersionDate "2021.10.06"]
[SourceQuality "1"]
[WhiteTeam "Jundrov Jezdci"]
[BlackTeam "Kromeriz Slavia II"]
[WhiteTeamCountry "CZE"]
[BlackTeamCountry "CZE"]

1. e4 c5 2. c3 d5 3. exd5 Qxd5 4. d4 e5 5. dxe5 Qxd1+ 6. Kxd1 Nc6 7. f4 Bg4+ 8. Be2 0-0-0+ 9. Nd2 Bf5 10. Ke1 f6 11. Ngf3 Nge7 12. Rf1 Nd5 13. Nc4 Be7 14. Kf2 Rhe8 15. Kg1 b5 16. Ne3 Nxe3 17. Bxe3 Bd3 18. Rae1 a6 19. exf6 gxf6 20. Bxd3 Rxd3 21. Bf2 Rg8 22. Re3 Rxe3 23. Bxe3 Bd6 24. Rd1 Kc7 25. Rd5 Ne7 26. Rh5 Kc6 27. Rxh7 Nd5 28. Bd2 Bxf4 29. Rf7 Bxd2 30. Nxd2 Re8 31. Kf2 Re6 32. h4 Nf4 33. Kg3 Nxg2 34. Kxg2 Re2+ 35. Kg3 Rxd2 36. Rxf6+ Kd5 37. Rf2 Rd1 38. h5 Rg1+ 39. Rg2 Rh1 40. Rh2 Rg1+ 41. Kf2 Rg7 42. h6 Rh7 43. Ke3 Ke6 44. Ke4 c4 45. Rh5 Kf6 46. Kd5 Kg6 47. Rh2 Kf5 48. Kc6 Ke6 49. Rh5 Ke7 50. Rh2 Ke6 51. Kb6 Kd6 52. Rh5 Kd7 53. Kxa6 Kc6 54. Rxb5 Rh8 55. Rb6+ Kc5 56. Rg6 Ra8+ 57. Kb7 Rxa2 58. Rg2 Ra1 59. Rh2 1-0

[Event "CZE-chT2E 1718"]
[Site "Czech Republic"]
[Date "2018.02.11"]
[Round "8.2"]
[White "Pakosta, Miroslav"]
[Black "Babula, Milan"]
[Result "1-0"]
[WhiteElo "2168"]
[BlackElo "2220"]
[PlyCount "147"]
[EventDate "2017.10.15"]
[EventType "team-tourn"]
[EventRounds "11"]
[EventCountry "CZE"]
[SourceTitle "EXT 2022"]
[Source "ChessBase"]
[SourceDate "2021.10.06"]
[SourceVersion "1"]
[SourceVersionDate "2021.10.06"]
[SourceQuality "1"]
[WhiteTeam "Jundrov Jezdci"]
[BlackTeam "Vlcnov"]
[WhiteTeamCountry "CZE"]
[BlackTeamCountry "CZE"]

1. e4 e6 2. d4 d5 3. e5 c5 4. c3 Nc6 5. Nf3 Qb6 6. a3 c4 7. Nbd2 Na5 8. g3 Bd7 9. Bh3 Ne7 10. 0-0 h6 11. Rb1 Nec6 12. Ne1 Be7 13. f4 0-0-0 14. Kh1 f5 15. exf6 gxf6 16. Qe2 f5 17. Nef3 Bf6 18. Ne5 Nxe5 19. fxe5 Be7 20. g4 fxg4 21. Bxg4 Rdf8 22. Rxf8+ Bxf8 23. Qf3 Qd8 24. Nf1 Be7 25. Qh3 Qg8 26. Be3 h5 27. Bf3 Qg6 28. Re1 Nc6 29. Ng3 h4 30. Ne2 Nd8 31. Nf4 Qh7 32. Rg1 Rg8 33. Rxg8 Qxg8 34. Qg4 Qh7 35. Qg6 Qh8 36. Bg4 Kb8 37. Nxe6 Nxe6 38. Bxe6 Bxe6 39. Qxe6 Qh7 40. Qxd5 Qb1+ 41. Bg1 Qd3 42. Qg8+ Kc7 43. h3 Qxh3+ 44. Bh2 Qf1+ 45. Qg1 Qxg1+ 46. Kxg1 Kc6 47. Kf2 Kd5 48. Kf3 Bg5 49. Bf4 Be7 50. Bh6 b5 51. Bd2 a5 52. Kg4 Ke6 53. Be1 h3 54. Bg3 b4 55. axb4 Bxb4 56. Kxh3 Bf8 57. Bf4 Kf5 58. Bc1 a4 59. Kg3 Ke4 60. Bg5 Kf5 61. Bd8 Bb4 62. e6 Bd6+ 63. Kf3 Kxe6 64. Ke4 Kd7 65. Kd5 Bf4 66. Ba5 Bc1 67. Kxc4 Bxb2 68. Kb4 a3 69. Kb3 Kc6 70. Bb4 Bc1 71. Bxa3 Be3 72. Kc4 Bf2 73. Kd3 Kb5 74. d5 1-0

[Event "CZE-chT rap"]
[Site "Pardubice"]
[Date "2017.07.14"]
[Round "2.2"]
[White "Drnovsek, Gal"]
[Black "Pakosta, Miroslav"]
[Result "1-0"]
[WhiteElo "2440"]
[BlackElo "2162"]
[PlyCount "111"]
[EventDate "2017.07.13"]
[EventType "team-swiss"]
[EventRounds "7"]
[EventCountry "CZE"]
[SourceTitle "EXT 2018"]
[Source "ChessBase"]
[SourceDate "2017.10.13"]
[SourceVersion "1"]
[SourceVersionDate "2017.10.13"]
[SourceQuality "1"]
[WhiteTeam "Imenitni"]
[BlackTeam "Jundrov Jezdci"]
[WhiteTeamCountry "CZE"]
[BlackTeamCountry "CZE"]

1. e4 d6 2. d4 Nf6 3. Nc3 g6 4. Nf3 Bg7 5. Be2 0-0 6. 0-0 c5 7. d5 a6 8. a4 Bg4 9. h3 Bxf3 10. Bxf3 Nbd7 11. Be2 Qc7 12. a5 e6 13. Bf4 exd5 14. Nxd5 Nxd5 15. Qxd5 Be5 16. Be3 Nf6 17. Qc4 Rae8 18. Bf3 Nd7 19. c3 Bg7 20. Bd1 Ne5 21. Qd5 Nc6 22. Bc2 Nxa5 23. Rfd1 Re6 24. Bf4 Be5 25. Bh6 Bg7 26. Bf4 Be5 27. Bxe5 dxe5 28. b4 Nc6 29. Qxc5 Rc8 30. Bb3 Rf6 31. Rd5 b6 32. Qe3 a5 33. Rad1 Rd8 34. Ba4 Rxd5 35. exd5 Ne7 36. bxa5 bxa5 37. Bb5 Nf5 38. Qe1 Kg7 39. Bd3 Ne7 40. c4 Rf4 41. Bf1 Nc8 42. Qe3 f6 43. c5 Qb7 44. d6 Na7 45. d7 Nc6 46. d8Q Nxd8 47. Rxd8 a4 48. Qd3 Qb4 49. Rd7+ Kh6 50. Qe3 g5 51. c6 a3 52. Qa7 Qe1 53. Rxh7+ Kg6 54. Qf7+ Kf5 55. g4+ Ke4 56. Qc4+ 1-0

[Event "Gibraltar Masters 14th"]
[Site "Caleta"]
[Date "2016.02.01"]
[Round "7"]
[White "Pakosta, Miroslav"]
[Black "Kharous, Ernest"]
[Result "0-1"]
[WhiteElo "2097"]
[BlackElo "2314"]
[PlyCount "72"]
[EventDate "2016.01.26"]
[EventType "swiss"]
[EventRounds "10"]
[EventCountry "GGB"]
[SourceTitle "CBM 171"]
[Source "ChessBase"]
[SourceDate "2016.03.14"]
[SourceVersion "2"]
[SourceVersionDate "2016.03.14"]
[SourceQuality "1"]

1. e4 d6 2. d4 Nf6 3. Nc3 e5 4. dxe5 dxe5 5. Qxd8+ Kxd8 6. Bc4 Be6 7. Bxe6 fxe6 8. Bg5 Bd6 9. 0-0-0 Ke7 10. Nf3 a6 11. a3 Nc6 12. h3 b5 13. Nh4 Rhb8 14. f4 exf4 15. Rhf1 b4 16. axb4 Rxb4 17. Rde1 Be5 18. Nf3 Rab8 19. Nxe5 Nxe5 20. Bxf4 Nfd7 21. b3 h6 22. Bd2 R4b7 23. Na4 Rb5 24. Nc3 Rc5 25. Kd1 Rd8 26. Ke2 Nc6 27. Rc1 Nf6 28. Ke3 Re5 29. Rcd1 Nb4 30. Kf4 g5+ 31. Kf3 Nxc2 32. Na2 Nxe4 33. Ba5 Rf8+ 34. Kg4 Ne3+ 35. Kh5 Rxf1 36. Bb4+ c5 0-1

[Event "Gibraltar Masters 14th"]
[Site "Caleta"]
[Date "2016.01.31"]
[Round "6"]
[White "Gavilan Diaz, Mario"]
[Black "Pakosta, Miroslav"]
[Result "1/2-1/2"]
[WhiteElo "2261"]
[BlackElo "2097"]
[PlyCount "83"]
[EventDate "2016.01.26"]
[EventType "swiss"]
[EventRounds "10"]
[EventCountry "GGB"]
[SourceTitle "CBM 171"]
[Source "ChessBase"]
[SourceDate "2016.03.14"]
[SourceVersion "2"]
[SourceVersionDate "2016.03.14"]
[SourceQuality "1"]

1. e4 d6 2. d4 Nf6 3. Nc3 g6 4. Nf3 Bg7 5. Be2 0-0 6. 0-0 c5 7. dxc5 dxc5 8. Be3 b6 9. Qc1 Bb7 10. Rd1 Qc8 11. Bh6 Nxe4 12. Nxe4 Bxe4 13. Bxg7 Kxg7 14. Qe3 Bb7 15. Qe5+ f6 16. Qxe7+ Rf7 17. Qd6 Nc6 18. c3 Qb8 19. Bb5 Qxd6 20. Rxd6 Ne7 21. Rd7 Bxf3 22. gxf3 Nf5 23. Rad1 Rxd7 24. Rxd7+ Kh6 25. f4 Ng7 26. Kg2 a6 27. Bc6 Rb8 28. a4 a5 29. Kf3 Nh5 30. h3 f5 31. Rf7 Rd8 32. Bd7 Ng7 33. Re7 Nh5 34. Rf7 Ng7 35. b3 Nh5 36. Ke3 Ng7 37. Bb5 Rd6 38. Bc4 Nh5 39. Rb7 Nf6 40. f3 Nh5 41. Re7 Nf6 42. Rb7 1/2-1/2

[Event "Gibraltar Masters 14th"]
[Site "Caleta"]
[Date "2016.01.28"]
[Round "3"]
[White "Pakosta, Miroslav"]
[Black "Rapport, Jovana"]
[Result "0-1"]
[WhiteElo "2097"]
[BlackElo "2352"]
[PlyCount "94"]
[EventDate "2016.01.26"]
[EventType "swiss"]
[EventRounds "10"]
[EventCountry "GGB"]
[SourceTitle "CBM 171"]
[Source "ChessBase"]
[SourceDate "2016.03.14"]
[SourceVersion "2"]
[SourceVersionDate "2016.03.14"]
[SourceQuality "1"]

1. e4 d5 2. exd5 Qxd5 3. Nc3 Qa5 4. g3 e5 5. Bg2 Nf6 6. Nge2 Nc6 7. a3 Bg4 8. h3 Bd7 9. Rb1 Qb6 10. b4 Nd4 11. 0-0 0-0-0 12. d3 Bc6 13. Nxd4 exd4 14. Ne4 Nd7 15. Bf4 h6 16. c4 g5 17. Bc1 f5 18. Nd2 Bxg2 19. Kxg2 Ne5 20. Kh2 g4 21. f4 Nxd3 22. Qc2 Nxc1 23. Qxf5+ Kb8 24. Rbxc1 gxh3 25. Kxh3 Bg7 26. Rfe1 d3 27. Rcd1 Rhf8 28. Qg4 Bc3 29. Re6 h5 30. Qg6 Qd4 31. Qe4 Qg7 32. Rg6 Qd7+ 33. Qe6 Qa4 34. Qe1 Rfe8 35. Qf1 Re2 36. Nb1 Qc2 37. Kh4 Rh2+ 38. Kg5 d2 39. Nxc3 Qxc3 40. f5 Qxg3+ 41. Kh6 Qe3+ 42. Kh7 Rf2 43. Qg1 Qe8 44. Rg8 Qd7+ 45. Kh6 Rxf5 46. Rxd8+ Qxd8 47. Rxd2 Qxd2+ 0-1

[Event "CZE-chT2E 1112"]
[Site "Czech Republic"]
[Date "2012.03.04"]
[Round "9.7"]
[White "Kasik, Miroslav1111"]
[Black "Pakosta, Miroslav"]
[Result "1/2-1/2"]
[WhiteElo "1988"]
[BlackElo "2161"]
[PlyCount "61"]
[EventDate "2011.10.09"]
[EventType "team-tourn"]
[EventRounds "11"]
[EventCountry "CZE"]
[SourceTitle "EXT 2013"]
[Source "ChessBase"]
[SourceDate "2012.11.22"]
[SourceVersion "1"]
[SourceVersionDate "2012.11.22"]
[SourceQuality "1"]
[WhiteTeam "Kromeriz II"]
[BlackTeam "Brno Lokomotiva II"]
[WhiteTeamCountry "CZE"]
[BlackTeamCountry "CZE"]

1. e4 d6 2. d4 Nf6 3. Nc3 g6 4. Bc4 Bg7 5. e5 dxe5 6. dxe5 Qxd1+ 7. Nxd1 Ng4 8. f4 h5 9. Bd2 Bf5 10. h3 Nh6 11. Ne3 e6 12. Ne2 Be4 13. 0-0-0 Nf5 14. Rhg1 Nd7 15. Nc3 Bc6 16. Nxf5 gxf5 17. Bb5 Bxb5 18. Nxb5 Kd8 19. g4 fxg4 20. hxg4 hxg4 21. Rxg4 Bf8 22. Be3 a6 23. Nc3 Ke8 24. Ne4 Be7 25. Rdg1 f5 26. exf6 Nxf6 27. Bd4 Nxg4 28. Bxh8 Kf7 29. Bd4 Rg8 30. Ng5+ Bxg5 31. Rxg4 1/2-1/2

[Event "Latschach op 27th"]
[Site "Latschach"]
[Date "2011.08.14"]
[Round "3"]
[White "Okhotnik, Vladimir"]
[Black "Pakosta, Miroslav"]
[Result "1-0"]
[WhiteElo "2455"]
[BlackElo "2167"]
[PlyCount "87"]
[EventDate "2011.08.13"]
[EventType "swiss"]
[EventRounds "9"]
[EventCountry "AUT"]
[SourceTitle "CBM 143 Extra"]
[Source "ChessBase"]
[SourceDate "2011.08.29"]
[SourceVersion "1"]
[SourceVersionDate "2011.08.29"]
[SourceQuality "1"]

1. e4 d6 2. d4 f5 3. exf5 Bxf5 4. Bd3 Qd7 5. Ne2 g6 6. Ng3 Bxd3 7. Qxd3 Bh6 8. Nc3 Nc6 9. Bxh6 Nxh6 10. 0-0-0 Nf5 11. d5 Ne5 12. Qe2 0-0-0 13. Nge4 e6 14. f4 exd5 15. Nf6 Qe6 16. fxe5 d4 17. Nb1 dxe5 18. Ne4 Qxa2 19. Rd3 Ne3 20. Ra3 Qd5 21. Nbd2 Kb8 22. Re1 Rhf8 23. g3 a6 24. b4 Qb5 25. Qxb5 axb5 26. Ra5 c6 27. Kb2 Nd5 28. Kb3 Nc7 29. Raa1 b6 30. Ra3 Ne6 31. Rea1 c5 32. bxc5 Nxc5+ 33. Nxc5 bxc5 34. Ra5 c4+ 35. Kb4 Kc7 36. Rxb5 Rb8 37. Nxc4 Rxb5+ 38. Kxb5 Rf2 39. Ra7+ Kb8 40. Rxh7 Rxc2 41. Nxe5 Kc8 42. Rh4 g5 43. Rxd4 Rxh2 44. Rg4 1-0

[Event "CZE-chT2D 0910"]
[Site "Czech Republic"]
[Date "2010.02.28"]
[Round "8.5"]
[White "Pakosta, Miroslav"]
[Black "Jelinek, Vaclav"]
[Result "1-0"]
[WhiteElo "2126"]
[BlackElo "2049"]
[PlyCount "107"]
[EventDate "2009.10.18"]
[EventType "team-tourn"]
[EventRounds "11"]
[EventCountry "CZE"]
[SourceTitle "EXT 2012"]
[Source "ChessBase"]
[SourceDate "2011.11.24"]
[SourceVersion "1"]
[SourceVersionDate "2011.11.24"]
[SourceQuality "1"]
[WhiteTeam "Brno Lokomotiva II"]
[BlackTeam "Pardubice Bohemia"]
[WhiteTeamCountry "CZE"]
[BlackTeamCountry "CZE"]

1. e4 g6 2. h4 Bg7 3. d4 d6 4. h5 Nf6 5. h6 Bf8 6. Nc3 c6 7. Be2 Nbd7 8. Nf3 e6 9. Bg5 Qb6 10. Rb1 Be7 11. 0-0 e5 12. dxe5 dxe5 13. b4 0-0 14. b5 Qc5 15. bxc6 bxc6 16. Qd3 Ng4 17. Na4 Qd6 18. Qxd6 Bxd6 19. Rfd1 Bc7 20. Nd2 Nb6 21. Nc5 f6 22. Bxg4 Bxg4 23. f3 Bc8 24. Be3 Kf7 25. g4 Re8 26. g5 f5 27. Nd3 Ba6 28. Nb4 Bb5 29. c4 Ba4 30. Rdc1 Rad8 31. Nb3 f4 32. Bf2 Nd7 33. Bxa7 Bd6 34. Nd3 Bxb3 35. Rxb3 Be7 36. Rb7 Ke6 37. Rd1 Nb8 38. Nf2 Rxd1+ 39. Nxd1 Rd8 40. Nf2 Nd7 41. Nh3 Ra8 42. Kf1 c5 43. a4 Bd8 44. Bxc5 Nxc5 45. Rxh7 Rxa4 46. Rg7 Ra1+ 47. Kg2 Ra2+ 48. Kh1 Ra1+ 49. Ng1 Nd3 50. h7 Nf2+ 51. Kg2 Ra2 52. Ne2 Rxe2 53. Kf1 Rb2 54. h8Q 1-0